000 00739 a2200205 4500
008 080822t xxu||||| |||| 00| 0 eng d
010 _aENG-85083
020 _a8188689467
_c395.00
035 _aEN-68616
037 _bD.B.Act / Pub
082 _a515
100 _aZakon, Elias
245 _aMathematical analysis
_cby Elias Zakon
260 _aNew Delhi
_bOverseas Press India
_c2006
270 _a7/28, Ansari Road, Darya Ganj
_bNew Delhi
_e110 002
_moverseas@de13.vsnl.nic.in
300 _av.1 (x,355p.)
_b23cm. (Pbk)
500 _aincludes index
942 _adpl
_cEN
_k515 / ZAK
_2ddc
_h515
_mZAK
999 _c1202
_d1202